Music and gift-exchange : (Registro nro. 70369)
[ vista simple ]
| 000 -LÍDER | |
|---|---|
| Campo fijo de descripción fija | 01565nab a2200241 i 4500 |
| 001 - NÚMERO DE CONTROL | |
| Campo de control | 768714001 |
| 003 - IDENTIFICADOR DEL NÚMERO DE CONTROL | |
| Campo de control | CO-MdFUSB |
| 005 - FECHA Y HORA DE LA ULTIMA TRANSACCIÓN | |
| control field | 20240627154924.0 |
| 008 - ELEMENTOS DE LONGITUD FIJA -- INFORMACIÓN GENERAL | |
| Campo fijo de descripción fija -- Información general | 240626t1995 us ||||| |||| 00| 0 eng d |
| 040 ## - FUENTE DE CATALOGACIÓN | |
| Idioma de catalogación | spa |
| Agencia que realiza la transcripción | CO-MdFUSB |
| Agencia que realiza la modificación | CO-MdFUSB |
| 041 ## - CÓDIGO DE IDIOMA | |
| Código de idioma para texto/pista de sonido o título separado | eng |
| 100 ## - ASIENTO PRINCIPAL--NOMBRE PERSONAL | |
| Nombre personal | Gittins, Anthony J., |
| Fechas asociadas con el nombre | 1943- |
| Término relacionador | autor |
| 245 1# - TÍTULO | |
| Título | Music and gift-exchange : |
| Subtitulo | steps to the inculturation of the gospel |
| Mención de responsabilidad | / Anthony J. Gittins |
| 520 ## - NOTA DE RESUMEN, ETC. | |
| Nota de sumario, etc. | La música es un espejo que refleja la vida de una comunidad y un medio de intercambio; no sólo entretenimiento sino un componente vital de la cultura, un lugar de significados y valores sociales. Las culturas nunca son estáticas. La música es un vehículo para la modificación y variación de significados culturales. Los extraños también son un medio por el cual las culturas pueden infiltrarse y enriquecerse. Este artículo considera los diversos componentes culturales (música, intercambio de regalos, extraños y cambio social) como el tejido social a partir del cual se debe tejer la inculturación del evangelio. Y es una parábola transcultural que contiene lecciones para las congregaciones y comunidades locales. |
| 546 ## - NOTA DE IDIOMA | |
| Nota de idioma | Texto en inglés. |
| 650 #7 - ASIENTO SECUNDARIO DE MATERIA - TERMINO TEMÁTICO | |
| Término temático o nombre geográfico como elemento de entrada | Cristianismo y cultura |
| 9 (RLIN) | 6959 |
| 650 #7 - ASIENTO SECUNDARIO DE MATERIA - TERMINO TEMÁTICO | |
| Término temático o nombre geográfico como elemento de entrada | Antropología cultural y social |
| 9 (RLIN) | 6714 |
| 650 #7 - ASIENTO SECUNDARIO DE MATERIA - TERMINO TEMÁTICO | |
| Término temático o nombre geográfico como elemento de entrada | Religiones |
| 9 (RLIN) | 386 |
| 653 ## - TÉRMINO DE INDIZACIÓN - NO CONTROLADO | |
| Término no controlado | Música |
| 773 0# - ASIENTO DE ITEM FUENTE | |
| Biblionumber | 49486 |
| Itemnumber | 61118 |
| Lugar, editorial y fecha de publicación | Pasadena |
| Otro identificador del ítem | R0896 |
| Título | Missiology: |
| Número de control del registro | (CO-MdFUSB)97 |
| Parte(s) relacionada(s) / Volumen., número. (mes año), páginas | Volumen 23, (número 4, 1995) páginas: 415 - 429 |
| Enumeración y primera página | página: 415 |
| 942 ## - TIPO DE MATERIAL (KOHA) | |
| Tipo de Item KOHA | Artículos de Revista |
| 945 ## - INFORMACIÓN LOCAL DEL REGISTRO | |
| Catalogador | Catherine Arias Álvarez - Practicante SENA |
No hay ítems disponibles.
